00405nam a2200181Ia 4500008004100000020001800041050001400059100001700073245001700090245001700107260001500124260001600139260000900155300001400164300002700178300001000205500000800215170918s9999 xx 000 0 und d a9780439339094 bM992 2003 aMuth, Jon J. aStone soup / cJon J. Muth. aNew York : bScholastic, c2003 aunpaged : bcolored illustration ; c24cm. a480